[Event "Amber-blind 2nd"]
[Site "Monte Carlo"]
[Date "1993.??.??"]
[Round "4"]
[White "Ivanchuk, Vassily"]
[Black "Short, Nigel D"]
[Result "1/2-1/2"]
[WhiteElo "2710"]
[BlackElo "2655"]
[PlyCount "43"]
[EventDate "1993.03.??"]
[Source "ChessBase"]

1. d4 Nf6 2. c4 e5 3. dxe5 Ng4 4. Bf4 Nc6 5. Nf3 Bb4+ 6. Nbd2 Qe7 7. e3 Ngxe5 8. Nxe5 Nxe5 9. Be2 O-O 10. O-O d6 11. Nb3 b6 12. a3 Bc5 13. Nxc5 bxc5 14. b4 Nd7 15. Bg4 Re8 16. Rc1 a5 17. Bxd7 Bxd7 18. bxc5 dxc5 19. Qd5 Ra6 20. Bg5 Qd6 21. Bf4 Qe7 22. Bg5 1/2-1/2

[Event "Terrassa"]
[Site "?"]
[Date "1991.??.??"]
[Round "?"]
[White "Ivanchuk, V."]
[Black "Epishin, V."]
[Result "1/2-1/2"]
[WhiteElo "2695"]
[BlackElo "2620"]
[PlyCount "94"]
[EventDate "1991.??.??"]
[Source "ChessBase"]
[SourceDate "1991.06.01"]

1. d4 Nf6 2. c4 e5 3. dxe5 Ng4 4. Bf4 Bb4+ 5. Nd2 Nc6 6. Ngf3 Qe7 7. e3 Ngxe5 8. Nxe5 Nxe5 9. Be2 d6 10. O-O Bd7 11. a3 Bxd2 12. Qxd2 f6 13. b4 Rd8 14. Bh5+ Nf7 15. c5 Bb5 16. Rfd1 d5 17. e4 Ba4 18. exd5 Bxd1 19. Rxd1 O-O 20. d6 cxd6 21. cxd6 Qe6 22. Bf3 Kh8 23. d7 b6 24. Bc7 Ne5 25. Bxd8 Rxd8 26. Qc2 Rxd7 27. Qc8+ Qg8 28. Qxg8+ Kxg8 29. Rxd7 Nxd7 30. Bd5+ Kf8 31. f4 Ke7 32. Kf2 f5 33. Ke3 Kd6 34. Kd4 Nf6 35. Bf3 Ne8 36. Kc4 Nc7 37. g3 Ke6 38. Be2 Kd6 39. Bd3 Ke6 40. Kd4 g6 41. Bc4+ Kf6 42. a4 h6 43. h3 g5 44. h4 gxf4 45. gxf4 Ne6+ 46. Bxe6 Kxe6 47. Kc4 a6 1/2-1/2

[Event "ESP-Tch  1a Div"]
[Site "Ciudad Real"]
[Date "2004.08.26"]
[Round "4"]
[White "Van Wely, Loek"]
[Black "Mamedyarov, Shakhriyar"]
[Result "0-1"]
[WhiteElo "2651"]
[BlackElo "2657"]
[PlyCount "96"]
[EventDate "2004.08.23"]
[Source "Roberto Alvarez"]
[SourceDate "2004.09.06"]

1. d4 Nf6 2. c4 e5 3. dxe5 Ng4 4. Bf4 g5 5. Bg3 Bg7 6. e3 Nxe5 7. Nc3 d6 8. h4 g4 9. Nge2 Nbc6 10. Nf4 h5 11. Ncd5 Ne7 12. Nxe7 Qxe7 13. Qc2 Be6 14. Rc1 O-O-O 15. Be2 Kb8 16. b4 Ng6 17. Nxg6 fxg6 18. Qxg6 Be5 19. Bxe5 dxe5 20. a3 Rhg8 21. Qc2 g3 22. f3 Qf6 23. Qc3 Qf5 24. Qc2 Qf6 25. Bd3 Rg4 26. Qc3 Rxh4 27. Rg1 Rh2 28. Rd1 Bh3 29. Rd2 h4 30. Be4 Rxd2 31. Qxd2 Bc8 32. Qd5 Qh6 33. Ke2 h3 34. Qg8 Rxg2+ 35. Rxg2 hxg2 36. Bf5 a6 37. Qxc8+ Ka7 38. Be4 Qb6 39. c5 Qb5+ 40. Bd3 Qc6 41. Be4 Qb5+ 42. Bd3 g1=N+ 43. Kd2 Qc6 44. Qg4 Qxf3 45. Qg7 g2 46. Qxc7 Qc6 47. Qxc6 bxc6 48. Be4 Nf3+ 0-1

[Event "Corr"]
[Site "?"]
[Date "1996.11.01"]
[Round "?"]
[White "Van Oosterom Joop"]
[Black "Gottardi Gottardo"]
[Result "1/2-1/2"]
[WhiteElo "2655"]
[BlackElo "2620"]
[PlyCount "107"]
[EventDate "1996.??.??"]
[Source "www.chesslib.no"]
[SourceDate "2004.05.04"]

1. d4 Nf6 2. c4 e5 3. dxe5 Ng4 4. Bf4 Bb4+ 5. Nd2 Nc6 6. Ngf3 Qe7 7. e3 Ngxe5 8. Nxe5 Nxe5 9. Be2 O-O 10. O-O a5 11. a3 Bxd2 12. Qxd2 d6 13. b3 b6 14. e4 Bb7 15. f3 Qe6 16. Rfe1 f5 17. exf5 Qxf5 18. Bg3 Rfe8 19. Bf1 Qf6 20. Rad1 Re6 21. Re3 h5 22. h4 Rae8 23. Rde1 Qg6 24. Kh2 Qf6 25. Kh1 Qg6 26. Bf4 Qf7 27. Bh2 Qf6 28. Qd4 Qf5 29. Qc3 Bc6 30. Bg3 Ng6 31. Rxe6 Rxe6 32. Bd3 Rxe1+ 33. Bxe1 Qe6 34. Bc2 Ne5 35. Qe3 Qf6 36. Bg3 Ng6 37. Qe1 Kf7 38. Kh2 Nf4 39. Qe3 Ng6 40. Qd3 Nf4 41. Qd2 Ne6 42. Bd1 g6 43. b4 axb4 44. axb4 Bd7 45. Qd3 Nd4 46. c5 bxc5 47. bxc5 Bb5 48. Qc3 d5 49. Qa5 c6 50. Qc7+ Qe7 51. Qxe7+ Kxe7 52. Bf2 Be2 53. Ba4 Bb5 54. Bd1 1/2-1/2

[Event "otb"]
[Site "otb"]
[Date "2007.01.10"]
[Round "2"]
[White "Riazantsev Alexander"]
[Black "Korchnoi Viktor"]
[Result "1/2-1/2"]
[WhiteElo "2629"]
[BlackElo "2639"]
[PlyCount "32"]
[Source "www.chesslib.no"]
[SourceDate "2004.05.04"]

1. d4 Nf6 2. c4 e5 3. dxe5 Ng4 4. Bf4 Nc6 5. Nf3 Bb4+ 6. Nbd2 Qe7 7. e3 Ngxe5 8. Nxe5 Nxe5 9. Be2 O-O 10. O-O Re8 11. Nb3 d6 12. a3 Bc5 13. Nxc5 dxc5 14. Qd5 Ng6 15. Qf3 a5 16. Rad1 Nxf4 1/2-1/2

[Event "Corr"]
[Site "?"]
[Date "1996.11.01"]
[Round "?"]
[White "Oosterom Joop J.van (NED)"]
[Black "Reynolds Prof.Robert I.(USA)"]
[Result "1-0"]
[WhiteElo "2655"]
[BlackElo "2565"]
[PlyCount "75"]
[EventDate "1996.??.??"]
[Source "www.chesslib.no"]
[SourceDate "2004.05.04"]

1. d4 Nf6 2. c4 e5 3. dxe5 Ng4 4. Bf4 Bb4+ 5. Nc3 Bxc3+ 6. bxc3 Nc6 7. Nf3 Qe7 8. Qd5 Qa3 9. Rc1 f6 10. exf6 Nxf6 11. Qd1 Ne4 12. Qc2 Qe7 13. g3 d6 14. Bg2 Nc5 15. O-O O-O 16. Nd4 Ne5 17. Nb3 Bf5 18. e4 Nxe4 19. Bxe4 Nf3+ 20. Bxf3 Bxc2 21. Rxc2 c6 22. Rd1 Qf7 23. Bg2 Qxc4 24. Bxd6 Rfe8 25. Bf1 Qg4 26. Rcd2 Rad8 27. c4 Kh8 28. h3 Qh5 29. c5 h6 30. Nd4 Rd7 31. Ne2 Re4 32. Nf4 Qe8 33. Kh2 b6 34. Bg2 Kh7 35. Be5 Rxe5 36. Rxd7 Re1 37. Rd8 Qe5 38. R1d6 1-0

[Event "Hoeckendorf (Germany)"]
[Site "?"]
[Date "2004.02.02"]
[Round "4"]
[White "Graf Alexander"]
[Black "Mueller Karsten"]
[Result "1-0"]
[WhiteElo "2629"]
[BlackElo "2517"]
[PlyCount "39"]
[EventDate "2004.??.??"]
[Source "www.chesslib.no"]
[SourceDate "2004.05.04"]

1. d4 Nf6 2. c4 e5 3. dxe5 Ng4 4. Bf4 Bb4+ 5. Nc3 Nc6 6. Nf3 Qe7 7. Qd5 Bxc3+ 8. bxc3 Qa3 9. Rc1 d6 10. exd6 Be6 11. Qd2 O-O-O 12. Bg5 Rxd6 13. e3 Nd4 14. cxd4 Rb6 15. Bd3 Rb2 16. Bc2 Rg8 17. d5 Bd7 18. Bf4 Qxa2 19. O-O Qxc4 20. Qd1 1-0

[Event "75th ch-GER"]
[Site "Hoeckendorf"]
[Date "2004.02.02"]
[Round "4"]
[White "Graf, Alexander"]
[Black "Mueller, Karsten"]
[Result "1-0"]
[WhiteElo "2629"]
[BlackElo "2517"]
[PlyCount "41"]
[EventDate "2004.01.30"]
[Source "Roberto Alvarez"]
[SourceDate "2004.02.09"]

1. d4 Nf6 2. c4 e5 3. dxe5 Ng4 4. Bf4 Bb4+ 5. Nc3 Nc6 6. Nf3 Qe7 7. Qd5 Bxc3+ 8. bxc3 Qa3 9. Rc1 d6 10. exd6 Be6 11. Qd2 O-O-O 12. Nd4 g5 13. Bxg5 Rxd6 14. e3 Nxd4 15. cxd4 Rb6 16. Bd3 Rb2 17. Bc2 Rg8 18. d5 Bd7 19. Bf4 Qxa2 20. O-O Qxc4 21. Qd1 1-0

[Event "Hastings"]
[Site "?"]
[Date "1993.??.??"]
[Round "?"]
[White "Sadler, M."]
[Black "Rogers, I."]
[Result "1/2-1/2"]
[WhiteElo "2535"]
[BlackElo "2595"]
[PlyCount "57"]
[EventDate "1993.??.??"]
[Source "ChessBase"]
[SourceDate "1993.10.01"]

1. d4 Nf6 2. c4 e5 3. dxe5 Ng4 4. Bf4 Bb4+ 5. Nd2 d6 6. Ngf3 dxe5 7. Bxe5 Bxd2+ 8. Qxd2 Qxd2+ 9. Kxd2 Nxf2 10. Rg1 O-O 11. Bxc7 Na6 12. Be5 Ne4+ 13. Ke3 Bf5 14. g4 Bg6 15. Nh4 Rfe8 16. Nxg6 Nac5 17. Nf4 Rxe5 18. Bg2 Rae8 19. Bf3 Nd6+ 20. Kd4 b6 21. Nd3 R5e6 22. Bd5 Rxe2 23. Nxc5 bxc5+ 24. Kxc5 Ne4+ 25. Bxe4 R8xe4 26. b3 h5 27. gxh5 Re5+ 28. Kc6 Rxh5 29. Rgd1 1/2-1/2

[Event "St Raphael op"]
[Site "?"]
[Date "1998.??.??"]
[Round "?"]
[White "Komarov Dimitri"]
[Black "Chatalbashev Boris"]
[Result "1-0"]
[WhiteElo "2580"]
[BlackElo "2550"]
[PlyCount "37"]
[EventDate "1998.??.??"]
[Source "www.chesslib.no"]
[SourceDate "2004.05.04"]

1. d4 Nf6 2. c4 e5 3. dxe5 Ng4 4. Bf4 Bb4+ 5. Nd2 d6 6. exd6 Qf6 7. Nh3 Nxf2 8. Kxf2 Bxh3 9. g3 Bxf1 10. Rxf1 Qd4+ 11. Kg2 Bxd6 12. Qb3 Nd7 13. Be3 Qe5 14. c5 Nxc5 15. Qxf7+ Kd8 16. Nc4 Qe4+ 17. Rf3 Ne6 18. Nxd6 cxd6 19. Rd1 1-0

[Event "Brno"]
[Site "?"]
[Date "1993.??.??"]
[Round "?"]
[White "Chernin, A."]
[Black "Blatny, P."]
[Result "1-0"]
[WhiteElo "2615"]
[BlackElo "2510"]
[PlyCount "63"]
[EventDate "1993.??.??"]
[Source "ChessBase"]
[SourceDate "1993.06.01"]

1. d4 Nf6 2. c4 e5 3. dxe5 Ng4 4. Bf4 Nc6 5. Nf3 Bb4+ 6. Nbd2 Qe7 7. e3 Ngxe5 8. Nxe5 Nxe5 9. Be2 b6 10. O-O Bxd2 11. Qxd2 Bb7 12. Rac1 d6 13. b4 Ng6 14. Bg3 O-O 15. c5 dxc5 16. bxc5 Rfd8 17. Qb4 Bc6 18. a3 a5 19. Qb2 Be4 20. cxb6 cxb6 21. Rc3 Qf6 22. Rfc1 Ne7 23. Bc7 Rd7 24. Qxb6 Qg5 25. Bg3 Qd5 26. Bf1 Qd2 27. f3 Bb7 28. R3c2 Qd5 29. e4 Qg5 30. Rc7 Rxc7 31. Rxc7 Bc8 32. Ra7 1-0

[Event "1st GM"]
[Site "Nagykanizsa"]
[Date "2003.11.13"]
[Round "9"]
[White "Gyimesi, Zoltan"]
[Black "Nevednichy, Vladislav"]
[Result "1-0"]
[WhiteElo "2537"]
[BlackElo "2575"]
[PlyCount "65"]
[EventDate "2003.11.05"]
[Source "Roberto Alvarez"]
[SourceDate "2003.12.08"]

1. d4 Nf6 2. c4 e5 3. dxe5 Ng4 4. Bf4 Nc6 5. Nf3 Bb4+ 6. Nbd2 Qe7 7. e3 Ncxe5 8. Nxe5 Nxe5 9. Be2 O-O 10. O-O a5 11. a3 Bxd2 12. Qxd2 d6 13. b4 axb4 14. axb4 Rxa1 15. Rxa1 b6 16. Bg3 f6 17. h3 Be6 18. Qc3 c5 19. Ra6 Qb7 20. b5 Qc7 21. Qc2 g6 22. Qa4 Rb8 23. f4 Nd7 24. Bf3 Nf8 25. Ra7 Qd8 26. Bc6 Rc8 27. Qa6 Rb8 28. Qa1 Rc8 29. Qa6 Rb8 30. Bh4 d5 31. cxd5 Bxd5 32. Qa1 Bf7 33. Bxf6 1-0

[Event "CNEC-15 92-98"]
[Site "CNEC-15 92-98"]
[Date "1995.??.??"]
[Round "?"]
[White "Morgado, Juan Sebastian"]
[Black "Reynolds, Robert I"]
[Result "1-0"]
[WhiteElo "2540"]
[BlackElo "2570"]
[PlyCount "59"]
[EventDate "1995.??.??"]
[Source "www.chesslib.no"]
[SourceDate "2004.05.04"]

1. d4 Nf6 2. c4 e5 3. dxe5 Ng4 4. Bf4 Bb4+ 5. Nd2 Nc6 6. Ngf3 Qe7 7. e3 Ngxe5 8. Nxe5 Nxe5 9. Be2 d6 10. O-O Bd7 11. a3 Bxd2 12. Qxd2 g5 13. Bg3 h5 14. f4 h4 15. Be1 Ng6 16. Bf3 g4 17. Bxb7 Rb8 18. Bd5 c6 19. f5 Ne5 20. f6 Qf8 21. Be4 Rh5 22. Qe2 Qh6 23. Rd1 g3 24. Rxd6 c5 25. h3 Rb6 26. Qd1 Qxe3+ 27. Kh1 Qxe4 28. Qxh5 Kd8 29. Ba5 Kc8 30. Re1 1-0

[Event "Pardubice"]
[Site "Pardubice CZE"]
[Date "1993.??.??"]
[Round "2"]
[White "Alterman, Boris"]
[Black "Blatny, Pavel"]
[Result "1/2-1/2"]
[WhiteElo "2600"]
[BlackElo "2510"]
[PlyCount "121"]
[EventDate "1993.??.??"]
[Source "www.chesslib.no"]
[SourceDate "2004.05.04"]

1. d4 Nf6 2. c4 e5 3. dxe5 Ng4 4. Bf4 Nc6 5. Nf3 Bb4+ 6. Nbd2 Qe7 7. e3 Ngxe5 8. Nxe5 Nxe5 9. Be2 b6 10. O-O Bxd2 11. Qxd2 Bb7 12. Rac1 d6 13. b4 O-O 14. c5 dxc5 15. bxc5 Rad8 16. Qc3 Ng6 17. Bg3 Rd5 18. cxb6 cxb6 19. Rfd1 Rfd8 20. Rxd5 Bxd5 21. a3 Nf8 22. Qb4 Qe6 23. h3 a5 24. Qh4 Rc8 25. Rxc8 Qxc8 26. Qe7 Ne6 27. Bd6 h6 28. Bd3 Nc5 29. Bb5 Ne4 30. Bc7 Qf5 31. f3 Ng5 32. Be2 Qb1+ 33. Kh2 Qc2 34. Qd8+ Kh7 35. Qxd5 Qxc7+ 36. f4 Ne6 37. Bd3+ Kg8 38. Bc4 Qd8 39. Qc6 Qc7 40. Qe8+ Nf8 41. Bb5 g5 42. Kg3 Kg7 43. Qe4 Ne6 44. Bc4 gxf4+ 45. exf4 Kf6 46. a4 Qd6 47. h4 Nd4 48. Kh3 Qc5 49. Bd5 Qc3+ 50. Kg4 Qc8+ 51. Kh5 Qf5+ 52. Kxh6 Qxe4 53. Bxe4 b5 54. axb5 Nxb5 55. g4 a4 56. g5+ Ke7 57. Kg7 a3 58. Bd5 Nc7 59. Bb3 Ne6+ 60. Kh6 Nxf4 61. h5 1/2-1/2

[Event "Corr"]
[Site "?"]
[Date "1998.03.01"]
[Round "?"]
[White "Tanggaard Hans"]
[Black "Ruefenacht Matthias (SWZ)"]
[Result "1-0"]
[WhiteElo "2597"]
[BlackElo "2512"]
[PlyCount "119"]
[EventDate "1998.??.??"]
[Source "www.chesslib.no"]
[SourceDate "2004.05.04"]

1. d4 Nf6 2. c4 e5 3. dxe5 Ng4 4. Bf4 Nc6 5. Nf3 Bb4+ 6. Nbd2 Qe7 7. e3 Ngxe5 8. Nxe5 Nxe5 9. Be2 d6 10. O-O g5 11. Bg3 h5 12. Nb3 h4 13. Bxe5 dxe5 14. Qc2 Bc5 15. Bd3 h3 16. g3 Bg4 17. Bf5 Bf3 18. Nd2 Bg2 19. Rfd1 O-O 20. Ne4 Rad8 21. Rxd8 Rxd8 22. Rd1 b6 23. Rxd8+ Qxd8 24. Qe2 Kf8 25. a3 a5 26. Nc3 Qf6 27. Qc2 Kg7 28. Be4 Bxe4 29. Qxe4 Qe6 30. g4 c6 31. Kf1 f6 32. Ke2 Qd7 33. f3 b5 34. cxb5 cxb5 35. Qd3 Qc7 36. Ne4 Be7 37. Qc3 Qb6 38. Qc8 b4 39. a4 Kf7 40. b3 Qe6 41. Qxe6+ Kxe6 42. Nf2 Bd6 43. Kd3 Kd5 44. Nxh3 Bc5 45. Nf2 Bb6 46. Ne4 Bd8 47. Ng3 Bc7 48. Nf5 Bb6 49. h4 gxh4 50. Nxh4 Bc7 51. Nf5 Bb6 52. Ng3 Bc7 53. Ne4 Bd8 54. f4 Be7 55. fxe5 Kxe5 56. Nd2 Kd5 57. Nc4 Bd8 58. e4+ Kc5 59. e5 fxe5 60. Ke4 1-0

[Event "21st Open"]
[Site "Reykjavik"]
[Date "2004.03.15"]
[Round "8"]
[White "Rogers, Ian"]
[Black "Miezis, Normund"]
[Result "1-0"]
[WhiteElo "2582"]
[BlackElo "2525"]
[PlyCount "87"]
[EventDate "2004.03.07"]
[Source "Roberto Alvarez"]
[SourceDate "2004.03.22"]

1. d4 Nf6 2. c4 e5 3. dxe5 Ng4 4. Bf4 Nc6 5. Nf3 Bb4+ 6. Nc3 Qe7 7. Qd5 f6 8. exf6 Bxc3+ 9. bxc3 Nxf6 10. Qd3 d6 11. g3 O-O 12. Bg2 Bd7 13. O-O Rae8 14. c5 dxc5 15. Bxc7 c4 16. Qd1 Ne4 17. Rc1 Rf7 18. Bf4 Qc5 19. Qc2 Qh5 20. Rcd1 Bh3 21. Bxh3 Qxh3 22. Rd5 h6 23. Be5 Ng5 24. Nxg5 hxg5 25. Bd6 Re6 26. f3 Rd7 27. Rfd1 Rf7 28. g4 Re3 29. Rxg5 Qh7 30. Qd2 Re6 31. Bg3 Qh6 32. h4 Re8 33. Rh5 Qe6 34. Qc2 Rf6 35. Qh7+ Kf7 36. Rg5 Rg8 37. Kf1 Qe3 38. Rf5 Ne7 39. Rxf6+ Kxf6 40. Qh5 g6 41. Qb5 Qxc3 42. Qg5+ Kf7 43. Be5 Qb4 44. Bd6 1-0

[Event "Classics GM, Gausdal NOR"]
[Site "?"]
[Date "2001.??.??"]
[Round "5"]
[White "Solozhenkin, E."]
[Black "Miezis, N."]
[Result "0-1"]
[WhiteElo "2510"]
[BlackElo "2595"]
[PlyCount "80"]
[EventDate "2001.??.??"]
[Source "www.chesslib.no"]
[SourceDate "2004.05.04"]

1. d4 Nf6 2. c4 e5 3. dxe5 Ng4 4. Bf4 Nc6 5. Nf3 Bb4+ 6. Nbd2 Qe7 7. e3 Ncxe5 8. Nxe5 Nxe5 9. Be2 O-O 10. O-O Bxd2 11. Qxd2 d6 12. Rac1 Be6 13. Rfd1 f6 14. Qc3 Qf7 15. Bg3 b6 16. f4 Nd7 17. Bf3 Rae8 18. b4 f5 19. Bc6 Re7 20. Bh4 Nf6 21. Qa3 Qh5 22. Bxf6 Rxf6 23. Bf3 Qe8 24. Qxa7 Bf7 25. c5 bxc5 26. bxc5 c6 27. Qa5 d5 28. a4 Rxe3 29. Re1 Rfe6 30. Kf2 d4 31. Rxe3 dxe3+ 32. Kg1 Qb8 33. Qc3 Qxf4 34. a5 g5 35. a6 e2 36. Re1 Re3 37. Qd2 Rxf3 38. Qd8+ Kg7 39. gxf3 Qe3+ 40. Kg2 g4 0-1

[Event "7th, Cutro ITA"]
[Site "?"]
[Date "2001.??.??"]
[Round "7"]
[White "Georgiev, Vl"]
[Black "Chatalbashev, B."]
[Result "1/2-1/2"]
[WhiteElo "2590"]
[BlackElo "2515"]
[PlyCount "32"]
[EventDate "2001.??.??"]
[Source "www.chesslib.no"]
[SourceDate "2004.05.04"]

1. d4 Nf6 2. c4 e5 3. dxe5 Ng4 4. Bf4 Nc6 5. Nf3 Bb4+ 6. Nbd2 Qe7 7. a3 Ngxe5 8. Nxe5 Nxe5 9. e3 Bxd2+ 10. Qxd2 d6 11. Be2 O-O 12. O-O b6 13. Rfd1 Bb7 14. Qc3 Rfe8 15. Bg3 a5 16. b3 Nd7 1/2-1/2

[Event "Chicago"]
[Site "?"]
[Date "1999.??.??"]
[Round "?"]
[White "Kaidanov, G."]
[Black "Blatny, P."]
[Result "1-0"]
[WhiteElo "2610"]
[BlackElo "2475"]
[PlyCount "93"]
[EventDate "1999.??.??"]
[Source "Chess Informant"]
[SourceDate "1999.06.01"]

1. d4 Nf6 2. c4 e5 3. dxe5 Ng4 4. Bf4 Nc6 5. Nf3 Bb4+ 6. Nc3 Qe7 7. Qd5 Bxc3+ 8. bxc3 f6 9. exf6 Nxf6 10. Qd3 d6 11. g3 O-O 12. Bg2 Bd7 13. O-O Rae8 14. c5 dxc5 15. Bxc7 c4 16. Qd1 Ne4 17. Ne5 Nxc3 18. Qxd7 Qxd7 19. Nxd7 Rf7 20. Bh3 Ree7 21. f4 Rxd7 22. Bxd7 Rxd7 23. Be5 Nxe5 24. fxe5 Re7 25. Rf3 Nxe2+ 26. Kf2 Nd4 27. Rf4 Nc6 28. Rxc4 Nxe5 29. Re4 Kf7 30. Kg2 Ke6 31. Rae1 Kd5 32. Rf4 a5 33. a4 b6 34. Rfe4 h5 35. h4 Re6 36. R4e2 Kd6 37. Kh3 g6 38. Kg2 Kd5 39. Rb1 Kd4 40. Rb5 Re7 41. Rxb6 Nc4 42. Rxe7 Nxb6 43. Ra7 Nxa4 44. Rxa5 Nc5 45. Kf3 Ne6 46. Rb5 Kc4 47. Re5 1-0

[Event "Vidmar-mem"]
[Site "Vidmar-mem"]
[Date "1989.??.??"]
[Round "?"]
[White "Bareev, Evgeny I"]
[Black "Mohr, Stefan"]
[Result "1-0"]
[WhiteElo "2555"]
[BlackElo "2530"]
[PlyCount "100"]
[EventDate "1989.??.??"]
[Source "www.chesslib.no"]
[SourceDate "2004.05.04"]

1. d4 Nf6 2. c4 e5 3. dxe5 Ng4 4. Bf4 Nc6 5. Nf3 Bb4+ 6. Nbd2 Qe7 7. a3 Ngxe5 8. Nxe5 Nxe5 9. e3 Bxd2+ 10. Qxd2 d6 11. Be2 b6 12. b4 Bb7 13. O-O Ng6 14. Bg3 h5 15. f3 h4 16. Bf2 h3 17. g4 f5 18. gxf5 Qg5+ 19. Bg3 Nh4 20. Rad1 Qxf5 21. e4 Qh5 22. c5 O-O 23. c6 Bxc6 24. Rc1 Bb7 25. Rxc7 Nxf3+ 26. Rxf3 Rxf3 27. Rxb7 Raf8 28. Rc7 Qg4 29. Rc3 Rf2 30. Bc4+ Kh8 31. Qxf2 Rxf2 32. Kxf2 Qxe4 33. Bf1 Qd4+ 34. Re3 Qd2+ 35. Be2 Qd4 36. Bf1 Qd2+ 37. Kf3 Qd5+ 38. Kg4 Qf7 39. Bd3 d5 40. Rf3 Qe6+ 41. Bf5 Qe2 42. Bf2 g5 43. Kg3 Kg7 44. Bxh3 Qe5+ 45. Kg2 d4 46. Kg1 Qe2 47. Rg3 Kg6 48. Bf1 Qd1 49. Rd3 Qg4+ 50. Bg2 a5 1-0

[Event "New York (open)"]
[Site "?"]
[Date "1996.??.??"]
[Round "?"]
[White "van Wely, L."]
[Black "Blatny, P."]
[Result "1-0"]
[WhiteElo "2570"]
[BlackElo "2515"]
[PlyCount "101"]
[EventDate "1996.??.??"]
[Source "ChessBase"]
[SourceDate "1996.02.01"]

1. d4 Nf6 2. c4 e5 3. dxe5 Ng4 4. Bf4 Nc6 5. Nf3 Bb4+ 6. Nc3 Bxc3+ 7. bxc3 Qe7 8. Qd5 f6 9. exf6 Nxf6 10. Qd3 d6 11. g3 O-O 12. Bg2 Na5 13. O-O Be6 14. Nd2 Nd7 15. Nb3 Nc6 16. Nd4 Nce5 17. Qe3 Bxc4 18. Bxb7 Rae8 19. Qd2 Qf7 20. Bg2 Ng6 21. Be3 Nf6 22. Nc6 Ne4 23. Qc2 Nf6 24. Rad1 Bxa2 25. Rd4 Bd5 26. Bxd5 Nxd5 27. Bc1 Nb6 28. Nxa7 c5 29. Rxd6 Nc4 30. Ra6 Nge5 31. Bf4 Ng4 32. h3 g5 33. Nc6 gxf4 34. Ra7 Qg6 35. Qxg6+ hxg6 36. hxg4 fxg3 37. Ne7+ Kh7 38. Nf5+ Kh8 39. Nxg3 Nd2 40. Rd1 Rd8 41. Kg2 Kg8 42. Rh1 Rf4 43. f3 Nxf3 44. exf3 Rd2+ 45. Kh3 Rxf3 46. Rb1 Rd8 47. Rb6 Kf8 48. c4 g5 49. Rc6 Kg8 50. Rxc5 Kh8 51. Rcc7 1-0

[Event "world Ch"]
[Site "corr world ch."]
[Date "1992.??.??"]
[Round "?"]
[White "Kindl, Peter"]
[Black "Gottardi, Gottardo"]
[Result "1/2-1/2"]
[WhiteElo "2590"]
[BlackElo "2495"]
[PlyCount "52"]
[EventDate "1992.??.??"]
[Source "www.chesslib.no"]
[SourceDate "2004.05.04"]

1. d4 Nf6 2. c4 e5 3. dxe5 Ng4 4. Bf4 Nc6 5. Nf3 Bb4+ 6. Nbd2 Qe7 7. e3 Ngxe5 8. Nxe5 Nxe5 9. Be2 O-O 10. O-O a5 11. a3 Bxd2 12. Qxd2 d6 13. b4 Re8 14. Qc3 Qf6 15. Kh1 Bf5 16. c5 axb4 17. axb4 Nd3 18. Qxf6 gxf6 19. Bxd3 Bxd3 20. Rfd1 dxc5 21. bxc5 Bc2 22. Rdc1 Rxa1 23. Rxa1 Rd8 24. Bxc7 Rd1+ 25. Rxd1 Bxd1 26. h3 h5 1/2-1/2

[Event "Buenos Aires Najdorf"]
[Site "Buenos Aires"]
[Date "1995.??.??"]
[Round "3"]
[White "Van Wely, Loek"]
[Black "Sorin, Ariel"]
[Result "1-0"]
[WhiteElo "2585"]
[BlackElo "2500"]
[PlyCount "161"]
[EventDate "1995.07.??"]
[Source "ChessBase"]

1. d4 Nf6 2. c4 e5 3. dxe5 Ng4 4. Bf4 Nc6 5. Nf3 Bb4+ 6. Nc3 Bxc3+ 7. bxc3 Qe7 8. Qd5 Qa3 9. Rc1 f6 10. exf6 Nxf6 11. Qd3 O-O 12. g3 d6 13. Bg2 Qc5 14. Ng5 g6 15. O-O Kg7 16. Ne4 Nxe4 17. Qxe4 Bd7 18. Be3 Qf5 19. Bd4+ Kg8 20. Qxf5 Rxf5 21. Rb1 b6 22. Bd5+ Kf8 23. e4 Rf7 24. f4 Re8 25. Bxf7 Kxf7 26. e5 Na5 27. exd6 cxd6 28. Rbe1 Rc8 29. Rf2 Rxc4 30. Rfe2 Nc6 31. Kg2 b5 32. Bxa7 Rxc3 33. Bb6 d5 34. Rd2 Be6 35. Re3 Rc4 36. Rb3 b4 37. a3 bxa3 38. Rxa3 Bf5 39. Kf2 Be4 40. g4 Rc1 41. Rh3 Kg7 42. Bd4+ Nxd4 43. Rxd4 Rc2+ 44. Ke1 Rg2 45. g5 Rg1+ 46. Kd2 Rg2+ 47. Kc3 Rc2+ 48. Kb4 Rf2 49. Rh4 Kf7 50. Rxh7+ Ke6 51. Rh4 Kf5 52. Rd1 Rc2 53. Ra1 Rc4+ 54. Kb3 Rc6 55. Ra8 Bc2+ 56. Kb2 Ke4 57. Rg4 Kf3 58. Rg1 d4 59. Rd8 Be4 60. Rxd4 Rc2+ 61. Kb3 Rxh2 62. Re1 Bf5 63. Kc4 Rh8 64. Red1 Re8 65. Kd5 Re7 66. Rf1+ Ke2 67. Ra1 Kf3 68. Ra3+ Kg4 69. Rb4 Re8 70. Rc3 Kh4 71. Rc6 Re1 72. Kd6 Kg4 73. Rc5 Re6+ 74. Kc7 Re8 75. Re5 Rf8 76. Kd6 Rf7 77. Re7 Rf8 78. Ke5 Kg3 79. Reb7 Bc2 80. Rc7 Rf5+ 81. Ke6 1-0

[Event "Elista ol (Men)"]
[Site "Elista"]
[Date "1998.10.09"]
[Round "10"]
[White "Horvath, Csaba"]
[Black "Chatalbashev, Boris"]
[Result "1/2-1/2"]
[WhiteElo "2540"]
[BlackElo "2535"]
[PlyCount "59"]
[EventDate "1998.09.29"]
[Source "ChessBase"]
[SourceDate "1998.11.06"]

1. d4 Nf6 2. c4 e5 3. dxe5 Ng4 4. Bf4 Bb4+ 5. Nd2 Nc6 6. Ngf3 Qe7 7. e3 Ngxe5 8. Nxe5 Nxe5 9. Be2 O-O 10. O-O d6 11. Nb3 Re8 12. a3 Bc5 13. Nxc5 dxc5 14. Qb3 b6 15. Bxe5 Qxe5 16. Bf3 Rb8 17. Rad1 Be6 18. Bd5 Rbd8 19. Bxe6 Qxe6 20. Qa4 a5 21. Qc2 g6 22. a4 Qf6 23. b3 Rxd1 24. Rxd1 Rd8 25. Rxd8+ Qxd8 26. h3 h5 27. g3 Qd6 28. Kg2 Qc6+ 29. f3 Qf6 30. h4 1/2-1/2

[Event "France"]
[Site "?"]
[Date "1993.??.??"]
[Round "?"]
[White "Pinter, J."]
[Black "Conquest, S."]
[Result "0-1"]
[WhiteElo "2580"]
[BlackElo "2495"]
[PlyCount "110"]
[EventDate "1993.??.??"]
[Source "ChessBase"]
[SourceDate "1992.10.01"]

1. d4 Nf6 2. c4 e5 3. dxe5 Ng4 4. Bf4 Nc6 5. Nf3 Bb4+ 6. Nc3 Bxc3+ 7. bxc3 Qe7 8. Qd5 f6 9. exf6 Nxf6 10. Qd3 d6 11. e3 O-O 12. Be2 b6 13. O-O Kh8 14. Qc2 Bb7 15. Nd4 Ne5 16. Rae1 Rae8 17. Bg5 Qf7 18. Bxf6 gxf6 19. e4 Nxc4 20. Bd3 Ne5 21. Bb5 Nd7 22. Re3 Rg8 23. f4 Rd8 24. Rf2 a6 25. Be2 Rde8 26. Bf3 Qc4 27. Rfe2 b5 28. Bh5 Ref8 29. Rh3 Nc5 30. e5 f5 31. Bf3 Bxf3 32. Rxf3 b4 33. g3 Ne4 34. Nxf5 Nxc3 35. Ref2 Qc5 36. Kg2 Rg6 37. Nh4 Re6 38. Qd3 Qc6 39. Kg1 Kg8 40. Re3 dxe5 41. fxe5 Rxf2 42. Kxf2 Re8 43. Nf5 Qe6 44. Kg1 Qd5 45. Qf1 Rxe5 46. Rxe5 Qxe5 47. Qc4+ Kh8 48. Qf7 Qc5+ 49. Kf1 Qb5+ 50. Kf2 Qe2+ 51. Kg1 Qd1+ 52. Kf2 Qe2+ 53. Kg1 Qd1+ 54. Kf2 Qc2+ 55. Ke3 Qe4+ 0-1

[Event "XXIV ECC"]
[Site "Kallithea GRE"]
[Date "2008.10.22"]
[Round "6"]
[White "Babula, V."]
[Black "Garcia Palermo, C."]
[Result "1/2-1/2"]
[WhiteElo "2608"]
[BlackElo "2459"]
[PlyCount "58"]
[EventDate "2008.10.17"]
[Source "www.chesslib.no"]
[SourceDate "2004.05.04"]

1. d4 Nf6 2. c4 e5 3. dxe5 Ng4 4. Bf4 Nc6 5. Nf3 Bb4+ 6. Nbd2 Qe7 7. e3 Ngxe5 8. Nxe5 Nxe5 9. Be2 b6 10. O-O Bb7 11. Nf3 Bxf3 12. Bxf3 Rd8 13. Qe2 a5 14. Be4 Bd6 15. Rad1 O-O 16. Bb1 f5 17. Rd2 Rde8 18. Re1 g5 19. Bxe5 Qxe5 20. g3 f4 21. Qh5 Qg7 22. gxf4 gxf4+ 23. Kh1 Re5 24. Qh3 Kh8 25. Rg1 Qe7 26. Rd4 Re6 27. Rd5 Re5 28. Rd4 Re6 29. Rd5 Re5 1/2-1/2

[Event "Memorial Tadeusz Gniota (open)"]
[Site "Police (Poland)"]
[Date "2007.07.16"]
[Round "6"]
[White "Shishkin Vadim (UKR)"]
[Black "Malaniuk Vladimir P (UKR)"]
[Result "1/2-1/2"]
[WhiteElo "2543"]
[BlackElo "2522"]
[PlyCount "33"]
[EventDate "2007.??.??"]
[Source "www.chesslib.no"]
[SourceDate "2004.05.04"]

1. d4 Nf6 2. c4 e5 3. dxe5 Ng4 4. Bf4 Nc6 5. Nf3 Bb4+ 6. Nbd2 Qe7 7. a3 Ngxe5 8. Nxe5 Nxe5 9. e3 Bxd2+ 10. Qxd2 d6 11. Be2 O-O 12. O-O b6 13. Rac1 Bb7 14. Rfd1 a5 15. b4 axb4 16. axb4 Nd7 17. Qb2 1/2-1/2